[Event "Bundesliga 2022-23"]
[Site "Remagen GER"]
[Date "2023.02.05"]
[Round "6.8"]
[Board "8"]
[White "Handke, Florian"]
[Black "Braun, Arik"]
[Result "0-1"]
[WhiteTitle "GM"]
[BlackTitle "GM"]
[WhiteElo "2526"]
[BlackElo "2597"]
[WhiteTeam "SG Solingen"]
[BlackTeam "SC Viernheim"]
[WhiteFideId "4634527"]
[BlackFideId "4663527"]
[EventDate "2022.10.22"]

1. e4 c5 2. Nf3 e6 3. Nc3 a6 4. b3 d5 5. g3 Nc6 6. Bg2 d4 7. Ne2 e5 8. d3 Be7 9.
a3 h5 10. h4 Nf6 11. O-O Ng4 12. c3 a5 13. Rb1 O-O 14. b4 axb4 15. axb4 dxc3 16.
bxc5 Bxc5 17. Nxc3 Nb4 18. d4 exd4 19. Na4 Be7 20. Nxd4 Nd3 21. Qxd3 Rxa4 22.
Bb2 Bf6 23. Rfd1 Qb6 24. Qb5 Qa7 25. Ra1 Ra6 26. Rxa6 bxa6 27. Qa5 Ne5 28. Bf1
Qb7 29. Ba1 Rd8 30. Bg2 Nc6 31. Qa4 Bxd4 32. Rxd4 Nxd4 33. Bxd4 Qd7 34. Qxd7
Rxd7 35. Bb6 Rd1+ 36. Kh2 Rb1 37. Bd8 Kf8 38. f4 Ke8 39. Ba5 g6 40. Bf3 Bg4 41.
Bg2 Rb3 42. Bf1 Be2 43. Bh3 Bf3 44. e5 Rb1 0-1

[Event "Bundesliga 2022-23"]
[Site "Viernheim GER"]
[Date "2023.02.24"]
[Round "7.3"]
[Board "1"]
[White "Gledura, Benjamin"]
[Black "Kryvoruchko, Yuriy"]
[Result "1/2-1/2"]
[WhiteTitle "GM"]
[BlackTitle "GM"]
[WhiteElo "2637"]
[BlackElo "2658"]
[WhiteTeam "SC Remagen Sinzig"]
[BlackTeam "SC Viernheim"]
[WhiteFideId "712779"]
[BlackFideId "14109182"]
[EventDate "2022.10.22"]

1. Nf3 Nf6 2. g3 d5 3. Bg2 e6 4. O-O Be7 5. c4 O-O 6. d4 dxc4 7. Qc2 a6 8. a4
Bd7 9. Qxc4 Bc6 10. Bf4 Bd6 11. Qc1 Bxf4 12. Qxf4 Qd6 13. Qc1 Bd5 14. Nc3 Nc6
15. e3 Nb4 16. a5 Rac8 17. Qb1 Qe7 18. e4 Bc6 19. Rd1 Rfd8 20. Rd2 b6 21. Qe1
Ba8 22. Ne5 1/2-1/2

[Event "Bundesliga 2022-23"]
[Site "Viernheim GER"]
[Date "2023.02.24"]
[Round "7.3"]
[Board "2"]
[White "Korobov, Anton"]
[Black "Plat, Vojtech"]
[Result "1-0"]
[WhiteTitle "GM"]
[BlackTitle "GM"]
[WhiteElo "2672"]
[BlackElo "2546"]
[WhiteTeam "SC Viernheim"]
[BlackTeam "SC Remagen Sinzig"]
[WhiteFideId "14105730"]
[BlackFideId "325740"]
[EventDate "2022.10.22"]

1. d4 Nf6 2. c4 g6 3. Nc3 d5 4. Bd2 Bg7 5. cxd5 Nxd5 6. e4 Nb6 7. Be3 O-O 8. Be2
c6 9. f4 Be6 10. Nf3 Nc4 11. Bf2 b5 12. Qc2 Na6 13. O-O Nd6 14. Rfd1 Rc8 15. a3
Nc7 16. Ne5 Qe8 17. Nd3 Bc4 18. b3 Bxd3 19. Bxd3 Qd7 20. Rac1 Qg4 21. Ne2 Ne6
22. h3 Qh5 23. e5 Nb7 24. Be4 Qh6 25. Qd2 Rfd8 26. Rxc6 Rxc6 27. Bxc6 Nbc5 28.
Qc2 Na6 29. Bb7 Nb8 30. Qc1 g5 31. f5 Nf8 32. Bf3 Nbd7 33. Ng3 Nb6 34. f6 1-0

[Event "Bundesliga 2022-23"]
[Site "Viernheim GER"]
[Date "2023.02.24"]
[Round "7.3"]
[Board "3"]
[White "Pavlidis, Antonios"]
[Black "Meier, Georg"]
[Result "1/2-1/2"]
[WhiteTitle "GM"]
[BlackTitle "GM"]
[WhiteElo "2550"]
[BlackElo "2613"]
[WhiteTeam "SC Remagen Sinzig"]
[BlackTeam "SC Viernheim"]
[WhiteFideId "4212312"]
[BlackFideId "4675789"]
[EventDate "2022.10.22"]

1. e4 e6 2. d4 d5 3. Nc3 dxe4 4. Nxe4 Bd7 5. Nf3 Bc6 6. Bd3 Nd7 7. O-O Ngf6 8.
Ned2 Be7 9. Re1 O-O 10. c3 b6 11. a4 a5 12. Nc4 Bd5 13. Bf4 Nh5 14. Bd2 Nhf6 15.
Bf4 Nh5 16. Bd2 Nhf6 17. Bf4 Nh5 1/2-1/2

[Event "Bundesliga 2022-23"]
[Site "Viernheim GER"]
[Date "2023.02.24"]
[Round "7.3"]
[Board "4"]
[White "Braun, Arik"]
[Black "Burg, Twan"]
[Result "1-0"]
[WhiteTitle "GM"]
[BlackTitle "GM"]
[WhiteElo "2597"]
[BlackElo "2511"]
[WhiteTeam "SC Viernheim"]
[BlackTeam "SC Remagen Sinzig"]
[WhiteFideId "4663527"]
[BlackFideId "1010697"]
[EventDate "2022.10.22"]

1. d4 d5 2. Nf3 Nf6 3. e3 c5 4. a3 cxd4 5. exd4 Nc6 6. Be3 g6 7. h3 Bg7 8. Bd3
O-O 9. O-O Bf5 10. Bxf5 gxf5 11. Nc3 e6 12. Ne2 Ne7 13. Ne5 Ng6 14. Nd3 Ne4 15.
c3 Kh8 16. Qe1 Rg8 17. f3 Nd6 18. Nef4 Nc4 19. Rd1 Nxe3 20. Qxe3 Bh6 21. Nxg6+
Rxg6 22. f4 Qg8 23. Rd2 Bg7 24. g3 Bf6 25. Rg2 Qg7 26. Kf2 Rg8 27. Qf3 Qh6 28.
Rh1 b6 29. Ke2 Qg7 30. Rhg1 h6 31. Ne1 h5 32. Nc2 Qh7 33. Ne3 Kg7 34. g4 hxg4
35. hxg4 fxg4 36. Nxg4 Qh5 37. Ne3 Qxf3+ 38. Kxf3 Rxg2 39. Rxg2+ Kf8 40. Rxg8+
Kxg8 41. a4 Kf8 42. Ng2 Bg7 43. Kg4 Bh6 44. Ne1 f5+ 45. Kg3 Ke7 46. Nd3 Bg7 47.
Kh4 Bf6+ 48. Kh5 Kd6 49. Ne1 Bd8 50. Nf3 a6 51. Kg6 b5 52. axb5 axb5 53. Kf7 Be7
54. Ke8 Bf6 55. b3 Be7 56. b4 Bf6 57. Ng5 1-0

[Event "Bundesliga 2022-23"]
[Site "Viernheim GER"]
[Date "2023.02.24"]
[Round "7.3"]
[Board "5"]
[White "Cyborowski, Lukasz"]
[Black "Wagner, Dennis"]
[Result "1/2-1/2"]
[WhiteTitle "GM"]
[BlackTitle "GM"]
[WhiteElo "2490"]
[BlackElo "2570"]
[WhiteTeam "SC Remagen Sinzig"]
[BlackTeam "SC Viernheim"]
[WhiteFideId "1108760"]
[BlackFideId "24650684"]
[EventDate "2022.10.22"]

1. Nf3 Nf6 2. c4 c5 3. Nc3 e6 4. e3 Nc6 5. d4 d5 6. cxd5 exd5 7. Bb5 cxd4 8.
Nxd4 Bd7 9. O-O Bd6 10. e4 dxe4 11. Nxc6 Bxc6 12. Bxc6+ bxc6 13. Qa4 O-O 14.
Nxe4 Nxe4 15. Qxe4 Qf6 16. Be3 Qxb2 17. Qxc6 Be5 18. a4 Rfc8 19. Qe4 Re8 20.
Rab1 Qa2 21. Qc6 Rac8 22. Qa6 Qc4 23. Qxc4 Rxc4 24. Bxa7 Rxa4 25. Be3 1/2-1/2

[Event "Bundesliga 2022-23"]
[Site "Viernheim GER"]
[Date "2023.02.24"]
[Round "7.3"]
[Board "6"]
[White "Buhmann, Rainer"]
[Black "Jaracz, Pawel"]
[Result "1/2-1/2"]
[WhiteTitle "GM"]
[BlackTitle "GM"]
[WhiteElo "2561"]
[BlackElo "2463"]
[WhiteTeam "SC Viernheim"]
[BlackTeam "SC Remagen Sinzig"]
[WhiteFideId "4651340"]
[BlackFideId "1102222"]
[EventDate "2022.10.22"]

1. d4 d5 2. Nf3 Nf6 3. c4 c6 4. e3 Bf5 5. Nc3 e6 6. Nh4 Bg6 7. Qb3 Qc7 8. Nxg6
hxg6 9. g3 Nbd7 10. Bg2 Be7 11. O-O Rd8 12. Bd2 Nb6 13. cxd5 exd5 14. Rad1 O-O
15. Ne2 Nc4 16. Bc1 Rfe8 17. Qc2 Bf8 18. Nf4 Qa5 19. a4 Qb6 20. b3 Nd6 21. Nd3
Nf5 22. Bb2 Bd6 23. Nc5 Bxc5 24. dxc5 Qb4 25. Bxf6 gxf6 26. Bh3 Ng7 27. Rd4 Qa5
28. b4 Qc7 29. e4 dxe4 30. Rxe4 Rxe4 31. Qxe4 f5 32. Qe3 Ne6 33. Rb1 Rd4 1/2-1/2

[Event "Bundesliga 2022-23"]
[Site "Viernheim GER"]
[Date "2023.02.24"]
[Round "7.3"]
[Board "7"]
[White "Geirnaert, Steven"]
[Black "Maze, Sebastien"]
[Result "0-1"]
[WhiteTitle "IM"]
[BlackTitle "GM"]
[WhiteElo "2399"]
[BlackElo "2530"]
[WhiteTeam "SC Remagen Sinzig"]
[BlackTeam "SC Viernheim"]
[WhiteFideId "203866"]
[BlackFideId "613762"]
[EventDate "2022.10.22"]

1. d4 Nf6 2. c4 d6 3. Nc3 e5 4. dxe5 dxe5 5. Qxd8+ Kxd8 6. Nf3 Nc6 7. Bd2 Be6 8.
e3 h6 9. O-O-O Kc8 10. h3 a5 11. g4 Bb4 12. Rg1 Nd7 13. a3 Nc5 14. Be2 Bxc3 15.
Bxc3 f6 16. Nh4 a4 17. f4 Ne4 18. Be1 Na5 19. fxe5 fxe5 20. Ng6 Re8 21. Nxe5 Bg8
22. Rf1 Ra6 23. Bd3 Nb3+ 24. Kc2 Nbc5 25. Bxe4 Nxe4 26. Rd4 Bh7 27. Kc1 Rf6 28.
Rxf6 Nxf6 29. Bg3 Ne4 30. Bh2 Rf8 31. g5 hxg5 32. Ng4 Rf1+ 33. Rd1 Rf3 34. Be5
Nc5 35. Kd2 Rxh3 36. Bxg7 Ne4+ 37. Ke2 Bf5 38. Rg1 Rh4 39. Nf6 Rh2+ 40. Ke1 Nd2
41. Rg3 Bd3 42. c5 Re2+ 43. Kd1 Nf1 44. Rf3 Nxe3+ 45. Rxe3 Rxe3 46. Kd2 Rh3 0-1

[Event "Bundesliga 2022-23"]
[Site "Viernheim GER"]
[Date "2023.02.24"]
[Round "7.3"]
[Board "8"]
[White "Beikert, Guenther"]
[Black "Huhndorf, Arnold"]
[Result "1/2-1/2"]
[WhiteTitle "IM"]
[BlackTitle "FM"]
[WhiteElo "2364"]
[BlackElo "2179"]
[WhiteTeam "SC Viernheim"]
[BlackTeam "SC Remagen Sinzig"]
[WhiteFideId "4614186"]
[BlackFideId "4665031"]
[EventDate "2022.10.22"]

1. e4 c5 2. Nf3 g6 3. d4 cxd4 4. Nxd4 Nc6 5. Nb3 Bg7 6. Be2 Nf6 7. Nc3 O-O 8.
O-O d6 9. Re1 b6 10. Bf1 Bb7 11. Bg5 h6 12. Bh4 Rc8 13. Qd2 Ne5 14. Bxf6 Bxf6
15. Qxh6 Nc4 16. Bxc4 Rxc4 17. Rad1 Bg7 18. Qh4 Bf6 19. Qg3 Bxc3 20. bxc3 Rxe4
21. Rxe4 Bxe4 22. Re1 d5 23. Nd4 Qc8 24. Re3 Re8 25. Qh4 e5 26. Qf6 Qd8 27. Qxd8
Rxd8 28. Nc6 Re8 29. Re2 f6 30. Nxa7 Ra8 31. Nc6 Rxa2 32. f3 Rxc2 33. Rxc2 Bxc2
34. Ne7+ Kf7 35. Nxd5 b5 36. h4 Bb3 37. Ne3 f5 38. g3 Ke6 39. f4 exf4 40. gxf4
Kd6 41. Nf1 Kc5 42. Nd2 Bd5 43. Kf2 Bb7 44. Ke3 Bd5 45. Kd3 Bc4+ 46. Ke3 Bd5 1/2-1/2

[Event "Bundesliga 2022-23"]
[Site "Schoenaich GER"]
[Date "2023.02.25"]
[Round "8.1"]
[Board "1"]
[White "Eljanov, Pavel"]
[Black "Bosiocic, Marin"]
[Result "1-0"]
[WhiteTitle "GM"]
[BlackTitle "GM"]
[WhiteElo "2697"]
[BlackElo "2548"]
[WhiteTeam "Muenchener Schachclub 1836"]
[BlackTeam "TSV Schoenaich"]
[WhiteFideId "14102951"]
[BlackFideId "14507927"]
[EventDate "2022.10.22"]

1. c4 e5 2. Nc3 Bb4 3. Nd5 a5 4. a3 Be7 5. Nf3 d6 6. g3 Nf6 7. Nc3 O-O 8. Bg2
Re8 9. O-O Bf8 10. d3 c6 11. e4 h6 12. d4 exd4 13. Nxd4 Nbd7 14. b3 Nc5 15. Qc2
a4 16. b4 Nb3 17. Nxb3 axb3 18. Qxb3 Be6 19. Nd1 b5 20. Ne3 bxc4 21. Nxc4 Nxe4
22. Bxe4 d5 23. Bd3 dxc4 24. Bxc4 c5 25. b5 Bxc4 26. Qxc4 Qd4 27. Qxd4 cxd4 28.
Bf4 Bc5 29. a4 d3 30. a5 g5 31. Bd2 Bd4 32. Rae1 Red8 33. b6 Rd7 34. Re4 Kh7 35.
b7 Rad8 36. a6 Ba7 37. Be3 Bb8 38. Rc4 1-0

[Event "Bundesliga 2022-23"]
[Site "Schoenaich GER"]
[Date "2023.02.25"]
[Round "8.1"]
[Board "2"]
[White "Kadric, Denis"]
[Black "Jones, Gawain C B"]
[Result "1/2-1/2"]
[WhiteTitle "GM"]
[BlackTitle "GM"]
[WhiteElo "2561"]
[BlackElo "2626"]
[WhiteTeam "TSV Schoenaich"]
[BlackTeam "Muenchener Schachclub 1836"]
[WhiteFideId "14403803"]
[BlackFideId "409561"]
[EventDate "2022.10.22"]

1. e4 e5 2. Nf3 Nc6 3. Bc4 Nf6 4. d3 Bc5 5. O-O d6 6. c3 a5 7. Re1 Ba7 8. Bb3
O-O 9. h3 h6 10. Nbd2 Be6 11. Bc2 Re8 12. Nf1 d5 13. exd5 Qxd5 14. Ng3 Rad8 15.
a3 Qd6 16. b4 b5 17. a4 e4 18. Nxe4 Nxe4 19. Rxe4 Bd5 20. Rxe8+ Rxe8 21. Bd2
axb4 22. axb5 bxc3 23. Bxc3 Qc5 24. Qd2 Bxf3 25. gxf3 Qd6 26. Kg2 Nd4 27. Bxd4
Qg6+ 28. Kf1 Bxd4 29. Re1 Ra8 30. Qf4 Bc3 31. Qe4 Qxe4 32. Rxe4 Kf8 33. Bb3 Rd8
34. Ke2 1/2-1/2

[Event "Bundesliga 2022-23"]
[Site "Schoenaich GER"]
[Date "2023.02.25"]
[Round "8.1"]
[Board "3"]
[White "Saric, Ivan"]
[Black "Ivanisevic, Ivan"]
[Result "1-0"]
[WhiteTitle "GM"]
[BlackTitle "GM"]
[WhiteElo "2668"]
[BlackElo "2547"]
[WhiteTeam "Muenchener Schachclub 1836"]
[BlackTeam "TSV Schoenaich"]
[WhiteFideId "14508150"]
[BlackFideId "912417"]
[EventDate "2022.10.22"]

1. e4 e5 2. Nf3 Nc6 3. Bb5 a6 4. Ba4 Bc5 5. c3 Nf6 6. d4 Ba7 7. O-O O-O 8. Bg5
h6 9. Bh4 exd4 10. Qc1 d6 11. Bxc6 bxc6 12. cxd4 g5 13. Nxg5 hxg5 14. Qxg5+ Kh7
15. Rd1 Rg8 16. Qxf6 Qxf6 17. Bxf6 Bh3 18. g3 Rg6 19. e5 Rb8 20. Nc3 Rxb2 21.
Rab1 Rxb1 22. Nxb1 Rg4 23. exd6 cxd6 24. Nc3 Rg6 25. Bh4 Re6 26. f3 Re3 27. Ne4
Bf5 28. Nxd6 Be6 29. Ne4 Kg6 30. Be7 f5 31. Kf2 1-0

[Event "Bundesliga 2022-23"]
[Site "Schoenaich GER"]
[Date "2023.02.25"]
[Round "8.1"]
[Board "4"]
[White "Perunovic, Milos"]
[Black "Indjic, Aleksandar"]
[Result "1-0"]
[WhiteTitle "GM"]
[BlackTitle "GM"]
[WhiteElo "2542"]
[BlackElo "2630"]
[WhiteTeam "TSV Schoenaich"]
[BlackTeam "Muenchener Schachclub 1836"]
[WhiteFideId "921629"]
[BlackFideId "911925"]
[EventDate "2022.10.22"]

1. e4 e6 2. d4 d5 3. Nc3 Bb4 4. e5 c5 5. a3 Bxc3+ 6. bxc3 Ne7 7. Qg4 Qc7 8. Bd3
c4 9. Be2 Qa5 10. Bd2 Nf5 11. a4 Nc6 12. Nf3 Bd7 13. Nh4 Nce7 14. Nxf5 Nxf5 15.
Qh5 b5 16. g4 Ne7 17. O-O bxa4 18. Qg5 Rg8 19. Qe3 f5 20. Bc1 f4 21. Qh3 Ng6 22.
Ba3 Rb8 23. g5 Kf7 24. Bh5 Rgc8 25. Qf3 Kg8 26. Bxg6 hxg6 27. h4 Be8 28. Kg2 Rb7
29. Rh1 Rf7 30. Kf1 Rf5 31. Ke2 Rb8 32. Kd2 Qd8 33. Rag1 Rb7 34. h5 a6 35. h6
Rxg5 36. hxg7 Rxg7 37. Qxf4 Rf5 38. Qh6 Kf7 39. Qh8 1-0

[Event "Bundesliga 2022-23"]
[Site "Schoenaich GER"]
[Date "2023.02.25"]
[Round "8.1"]
[Board "5"]
[White "Martinovic, Sasa"]
[Black "Krassowizkij, Jaroslaw"]
[Result "1-0"]
[WhiteTitle "GM"]
[BlackTitle "IM"]
[WhiteElo "2546"]
[BlackElo "2439"]
[WhiteTeam "Muenchener Schachclub 1836"]
[BlackTeam "TSV Schoenaich"]
[WhiteFideId "14509792"]
[BlackFideId "1271703"]
[EventDate "2022.10.22"]

1. d4 d5 2. Nf3 Nf6 3. c3 e6 4. Bf4 Bd6 5. e3 O-O 6. Nbd2 b6 7. h4 c5 8. h5 Qc7
9. Bxd6 Qxd6 10. h6 g6 11. Ne5 Nfd7 12. Qf3 f6 13. Nxd7 Bxd7 14. Bd3 Nc6 15. O-O
f5 16. Rad1 f4 17. Rfe1 Rae8 18. Bc2 fxe3 19. Qxe3 cxd4 20. cxd4 e5 21. dxe5
Rxe5 22. Ne4 Qe7 23. Bb3 Be6 24. Qc3 dxe4 25. Qxc6 Qf6 26. f4 Qxf4 27. Bxe6+ Kh8
28. Qc3 1-0

[Event "Bundesliga 2022-23"]
[Site "Schoenaich GER"]
[Date "2023.02.25"]
[Round "8.1"]
[Board "6"]
[White "Koelle, Tobias"]
[Black "Costa, Leonardo"]
[Result "1/2-1/2"]
[WhiteTitle "FM"]
[BlackTitle "FM"]
[WhiteElo "2439"]
[BlackElo "2350"]
[WhiteTeam "TSV Schoenaich"]
[BlackTeam "Muenchener Schachclub 1836"]
[WhiteFideId "16207378"]
[BlackFideId "16213955"]
[EventDate "2022.10.22"]

1. d4 Nf6 2. c4 e6 3. Nf3 d5 4. Nc3 a6 5. cxd5 exd5 6. Bg5 Be6 7. e3 Nbd7 8. Bd3
Bd6 9. O-O c6 10. Bf4 Qc7 11. Qd2 O-O 12. h3 Rfe8 13. Rfe1 Nb6 14. b3 h6 15.
Rac1 Rac8 16. Ne2 Ne4 17. Qc2 Bf5 18. Nd2 Bh7 19. b4 Qd7 20. Bxd6 Qxd6 21. a3
Qf6 22. Rf1 Nxd2 23. Bxh7+ Kh8 24. Qxd2 Kxh7 25. a4 g6 26. b5 Nc4 27. Qd3 cxb5
28. axb5 a5 29. Rc2 Rc7 30. Nf4 Qd6 31. h4 Kg7 32. h5 g5 33. Ne2 Qe6 34. Ng3 a4
35. Ra1 Ra8 36. e4 dxe4 37. Nxe4 Qf5 38. Qe2 Qxb5 39. Nc5 b6 40. Rxc4 bxc5 41.
Qc2 a3 42. dxc5 Qb2 43. Qc3+ Qxc3 1/2-1/2

[Event "Bundesliga 2022-23"]
[Site "Schoenaich GER"]
[Date "2023.02.25"]
[Round "8.1"]
[Board "7"]
[White "Speelman, Jon S"]
[Black "Richter, Nils"]
[Result "1/2-1/2"]
[WhiteTitle "GM"]
[BlackTitle "FM"]
[WhiteElo "2493"]
[BlackElo "2395"]
[WhiteTeam "Muenchener Schachclub 1836"]
[BlackTeam "TSV Schoenaich"]
[WhiteFideId "400033"]
[BlackFideId "12990809"]
[EventDate "2022.10.22"]

1. Nf3 Nf6 2. c4 e6 3. g3 d5 4. Bg2 dxc4 5. Qa4+ Bd7 6. Qxc4 c5 7. Ne5 Qc8 8.
Qd3 Nc6 9. Nxd7 Nxd7 10. Nc3 Be7 11. O-O O-O 12. b3 Rd8 13. Bb2 Nde5 14. Qc2 Nd4
15. Qe4 Nec6 16. Rac1 Qd7 17. e3 Nf5 18. Na4 Qxd2 19. Qb1 Qa5 20. Bxc6 bxc6 21.
Ba3 Rd2 22. Bxc5 Bf6 23. Rfd1 Rad8 24. Rxd2 Rxd2 25. Rd1 h5 26. Qc1 Rxa2 27. e4
Ra1 28. Qc2 Nd4 29. Bxd4 Bxd4 30. Rxa1 Bxa1 31. Qxc6 Qe1+ 32. Kg2 g6 33. Nc5 a5 1/2-1/2

[Event "Bundesliga 2022-23"]
[Site "Schoenaich GER"]
[Date "2023.02.25"]
[Round "8.1"]
[Board "8"]
[White "Saric, Ante"]
[Black "Ciolek, Andreas"]
[Result "1-0"]
[WhiteTitle "GM"]
[BlackTitle "FM"]
[WhiteElo "2510"]
[BlackElo "2301"]
[WhiteTeam "TSV Schoenaich"]
[BlackTeam "Muenchener Schachclub 1836"]
[WhiteFideId "14506254"]
[BlackFideId "12906727"]
[EventDate "2022.10.22"]

1. d4 d5 2. c4 e6 3. Nf3 Nf6 4. Nc3 a6 5. e3 Nbd7 6. a3 Be7 7. b4 b6 8. Bb2 O-O
9. Qb3 Bb7 10. Rc1 Re8 11. Be2 Rc8 12. O-O Ne4 13. c5 Nb8 14. Rfd1 Bf6 15. Ne5
Nxc3 16. Bxc3 b5 17. a4 Bxe5 18. dxe5 Bc6 19. a5 Nd7 20. Qc2 Qe7 21. Bd3 f5 22.
exf6 gxf6 23. Bf1 Ne5 24. Qb2 Qg7 25. f4 Nd7 26. g3 Qg6 27. Bg2 f5 28. Bf3 Rf8
29. Kf2 Nf6 30. Bxf6 Qxf6 31. Qxf6 Rxf6 32. h3 Be8 33. g4 c6 34. g5 Rf8 35. Ke2
Kf7 36. Kd3 e5 37. fxe5 Bd7 38. Kd4 Be6 39. Rg1 Kg7 40. Rcf1 Rc7 41. Bh5 Re7 42.
Rf4 Bc8 43. Rgf1 Rd8 44. Rh4 Bd7 45. Rff4 Rf8 46. Bf3 Rfe8 47. Rh6 Rxe5 48. Rfh4
R8e7 49. Rxh7+ Kg8 50. Rh8+ Kg7 51. R4h7+ Kg6 52. Bh5+ Kxg5 53. Rg8+ Kh4 54.
Bf7# 1-0

[Event "Bundesliga 2022-23"]
[Site "Schoenaich GER"]
[Date "2023.02.25"]
[Round "8.2"]
[Board "1"]
[White "Narayanan, S.L."]
[Black "Rapport, Richard"]
[Result "1/2-1/2"]
[WhiteTitle "GM"]
[BlackTitle "GM"]
[WhiteElo "2663"]
[BlackElo "2754"]
[WhiteTeam "SV Deggendorf"]
[BlackTeam "OSG Baden-Baden"]
[WhiteFideId "5058422"]
[BlackFideId "738590"]
[EventDate "2022.10.22"]

1. d4 Nf6 2. c4 g6 3. Nc3 Bg7 4. e4 d6 5. h3 e5 6. d5 a5 7. Be3 Na6 8. g4 Nd7 9.
Nf3 Ndc5 10. a3 a4 11. Nd2 Bd7 12. Rg1 h6 13. Qe2 Bf6 14. O-O-O Bg5 15. Kb1 Qe7
16. Bxg5 hxg5 17. Qe3 O-O-O 18. Ka2 Rdf8 19. Rb1 f5 20. f3 Qf6 21. Bg2 b6 22.
Rbe1 Nb7 23. exf5 gxf5 24. gxf5 Qh6 25. Bf1 Rxf5 26. Nce4 Nac5 27. Nxg5 Rf4 28.
Nde4 Nxe4 29. Nxe4 Rff8 1/2-1/2

[Event "Bundesliga 2022-23"]
[Site "Schoenaich GER"]
[Date "2023.02.25"]
[Round "8.2"]
[Board "2"]
[White "Vachier-Lagrave, Maxime"]
[Black "Sedlak, Nikola"]
[Result "1-0"]
[WhiteTitle "GM"]
[BlackTitle "GM"]
[WhiteElo "2747"]
[BlackElo "2472"]
[WhiteTeam "OSG Baden-Baden"]
[BlackTeam "SV Deggendorf"]
[WhiteFideId "623539"]
[BlackFideId "922900"]
[EventDate "2022.10.22"]

1. e4 e5 2. Nf3 Nc6 3. Bb5 a6 4. Ba4 d6 5. O-O Nf6 6. Bxc6+ bxc6 7. d4 exd4 8.
Nxd4 c5 9. Nc6 Qd7 10. Na5 Qa4 11. Qe1 Be6 12. c4 Qb4 13. Bd2 Qb6 14. Bc3 Be7
15. Nd2 O-O 16. f4 Rae8 17. Qg3 c6 18. f5 Bc8 19. Rae1 Nh5 20. Qh3 Nf6 21. Re3
d5 22. Rg3 d4 23. Qh6 Nh5 24. Qxh5 Bf6 25. Nab3 dxc3 26. bxc3 Qc7 27. Nxc5 Qa7
28. Nb3 Rxe4 29. Qf3 Rfe8 30. Kh1 Re1 31. Nd3 Rxf1+ 32. Qxf1 Qe7 33. Nd4 c5 34.
Nc2 Bg5 35. h4 Bh6 36. f6 Qe4 37. Qf3 Qxh4+ 38. Kg1 Bb7 39. Qf2 Qxc4 40. Rxg7+
Kh8 41. Qg3 Bd5 42. Ne5 Qe4 43. c4 Bf4 44. Rxh7+ Qxh7 45. Qxf4 Bxg2 46. Ne3 Bh3
47. Kf2 Be6 48. Nf3 Qh5 49. a4 Rg8 50. a5 Bg4 51. Nxg4 Rxg4 52. Qd6 Kh7 53. Qxa6
Qf5 54. Qb7 Rxc4 55. Qxf7+ 1-0

[Event "Bundesliga 2022-23"]
[Site "Schoenaich GER"]
[Date "2023.02.25"]
[Round "8.2"]
[Board "3"]
[White "Delchev, Aleksander"]
[Black "Vitiugov, Nikita"]
[Result "0-1"]
[WhiteTitle "GM"]
[BlackTitle "GM"]
[WhiteElo "2503"]
[BlackElo "2722"]
[WhiteTeam "SV Deggendorf"]
[BlackTeam "OSG Baden-Baden"]
[WhiteFideId "2900394"]
[BlackFideId "4152956"]
[EventDate "2022.10.22"]

1. e4 c5 2. Nf3 d6 3. Bb5+ Nd7 4. a4 Nf6 5. Nc3 a6 6. Be2 e6 7. a5 Be7 8. O-O
O-O 9. Re1 Qc7 10. d4 cxd4 11. Nxd4 Ne5 12. Nb3 Bd7 13. Bf1 Rac8 14. Bf4 Bc6 15.
Bg3 Rfd8 16. f4 Ned7 17. Kh1 Nc5 18. Nxc5 dxc5 19. Qe2 Rd4 20. e5 Ne4 21. Nxe4
Rxe4 22. Qf2 Rd8 23. b3 Rxe1 24. Qxe1 Qd7 25. Bd3 Qd4 26. Rd1 g6 27. h3 Rd7 28.
Qf1 Bd8 29. Be2 Qc3 30. Rxd7 Bxd7 31. Bf3 Bxa5 32. Qd1 Bc6 33. Bxc6 Qxg3 34.
Bxb7 Qxf4 0-1

[Event "Bundesliga 2022-23"]
[Site "Schoenaich GER"]
[Date "2023.02.25"]
[Round "8.2"]
[Board "5"]
[White "Bogosavljevic, Boban"]
[Black "Wojtaszek, Radoslaw"]
[Result "1/2-1/2"]
[WhiteTitle "GM"]
[BlackTitle "GM"]
[WhiteElo "2533"]
[BlackElo "2693"]
[WhiteTeam "SV Deggendorf"]
[BlackTeam "OSG Baden-Baden"]
[WhiteFideId "931152"]
[BlackFideId "1118358"]
[EventDate "2022.10.22"]

1. Nf3 Nf6 2. c4 e6 3. g3 d5 4. Bg2 dxc4 5. Qa4+ Bd7 6. Qxc4 c5 7. Ne5 Qc8 8.
Nc3 Nc6 9. Nxd7 Qxd7 10. Qa4 Rc8 11. d3 Be7 12. O-O O-O 13. Be3 Rfd8 14. Rfc1 b6
15. Rab1 h6 16. a3 Nd4 17. Qxd7 Rxd7 18. b3 Ng4 19. Bxd4 Rxd4 20. Nb5 Rd7 21. a4
a6 1/2-1/2

[Event "Bundesliga 2022-23"]
[Site "Schoenaich GER"]
[Date "2023.02.25"]
[Round "8.2"]
[Board "7"]
[White "Petrov, Martin"]
[Black "Bacrot, Etienne"]
[Result "0-1"]
[WhiteTitle "GM"]
[BlackTitle "GM"]
[WhiteElo "2530"]
[BlackElo "2646"]
[WhiteTeam "SV Deggendorf"]
[BlackTeam "OSG Baden-Baden"]
[WhiteFideId "2911086"]
[BlackFideId "605506"]
[EventDate "2022.10.22"]

1. e4 e6 2. d4 d5 3. Nc3 Nf6 4. e5 Nfd7 5. f4 c5 6. Nf3 Nc6 7. Be3 a6 8. Qd2 b5
9. a3 Qa5 10. Ra2 Qc7 11. Be2 Bb7 12. O-O Rc8 13. dxc5 Bxc5 14. Bxc5 Nxc5 15.
Qe3 Qb6 16. Nd1 b4 17. Ra1 a5 18. axb4 axb4 19. Nd4 O-O 20. Nxc6 Qxc6 21. Qd4 b3
22. c3 Ra8 23. Nf2 Ra2 24. Nd3 Nxd3 25. Bxd3 Rxb2 26. Rab1 Rxb1 27. Rxb1 Ba6 28.
Rxb3 Bxd3 29. Qxd3 Qa4 30. Rb4 Qa7+ 31. Kh1 Rc8 32. h3 Qf2 33. Kh2 g6 34. Rd4
Kg7 35. c4 h5 36. f5 exf5 37. Rxd5 Qf4+ 38. Qg3 Rxc4 39. Qxf4 Rxf4 40. Rd8 Re4
41. Re8 h4 42. Kg1 Re3 43. Kf2 Re4 44. Kf3 g5 45. g3 hxg3 46. Kxg3 Re3+ 47. Kg2
f4 48. Kh2 Re2+ 49. Kg1 Kg6 50. Rg8+ Kh6 51. Rh8+ Kg7 52. Re8 Re3 53. Kg2 Rb3
54. e6 f6 55. h4 g4 56. h5 Rb2+ 57. Kf1 Rb1+ 58. Kf2 g3+ 59. Kf3 Rf1+ 60. Kg2
Rf2+ 61. Kg1 Re2 62. Re7+ Kh6 63. Rf7 Rxe6 64. Kg2 Re2+ 65. Kf3 Rf2+ 66. Ke4 g2
67. Rxf6+ Kxh5 68. Rf8 Kg6 0-1